00352nam a2200145Ia 4500003000900000008004100009040001300050040001300063041000800076100003700084245006100121300000800182490000600190700001000196IT-RoPAU120407s9999 xx 000 0 und d aIT-RoPAU cIT-RoPAU aita aJoseph Ratzinger (Benedetto XVI) aDemocrazia nella Chiesa, possibilità, limiti, pericoli c cm v1 aMaier